Logo BPK

Biblioteka

Politechniki Koszalińskiej

Jak czytać malarstwo : (Rekord nr 46399)

Szczegóły MARC
000 -ETYKIETA REKORDU
podpole kontrolne o stałej długości 00820nam a2200229 i 4500
001 - NUMER KONTROLNY REKORDU
pole kontrolne bg
020 ## - MIĘDZYNARODOWY ZNORMALIZOWANY NUMER KSIĄŻKI - ISBN
ISBN 8324204679
040 ## - ŹRÓDŁO KATALOGOWANIA
Instytucja, która utworzyła rekord BPK
041 1# - KOD JĘZYKA
Kod języka tekstu pol
Kod języka streszczenia lub abstraktu nld
080 ## - UNIWERSALNA KLASYFIKACJA DZIESIĘTNA - UKD
UKD 75(091)
920 ## - Międzynarodowy znormalizowany numer książki – ISBN
ISBN 83-242-0467-9
008 - POLE O STAŁEJ DŁUGOŚCI - DANE KONTROLNE
podpole kontrolne o stałej długości s pl f |000 0 pol
100 1# - NAZWA OSOBOWA
Nazwa osobowa DE RYNCK, Patrick
245 00 - TYTUŁ/ODPOWIEDZIALNOŚĆ
Tytuł Jak czytać malarstwo :
Ciąg dalszy tytułu rozwiązywanie zagadek, rozumienie i smakowanie dzieł dawnych mistrzów /
Pozostałe elementy strefy tytułu i oznaczenia odpowiedzialności Patrick de Rynck ; przekł. Piotr Nowakowski.
260 ## - STREFA ADRESU WYDAWNICZEGO
Miejsce wydania Kraków :
Nazwa wydawcy/dystrybutora Towarzystwo Autorów i Wydawców Prac Naukowych UNIVERSITAS,
Data publikacji, dystrybucji/powstania dokumentu 2005.
300 ## - STREFA OPISU FIZYCZNEGO
Objętość 377 s. :
Inne cechy fizyczne il. ;
Rozmiary 24 cm.
504 ## - UWAGA DOTYCZĄCA BIBLIOGRAFII
Informacje o bibliografii Bibliogr. - Indeks.
650 #9 - HASŁO PRZEDMIOTOWE W FORMIE NAZWY OGÓLNEJ LUB JEDNOSTKOWEJ
Nazwa ogólna lub geograficzna Malarstwo (szt. plast.)
Określnik ogólny historia
700 1# - HASŁO DODATKOWE - NAZWA OSOBOWA
Nazwa osobowa NOWAKOWSKI, Piotr.
Określenie związku między hasłem a opisywanym materiałem Tł.
856 ## - LOKALIZACJA I DOSTĘP DO ELEKTRONICZNYCH DOKUMENTÓW ZDALNYCH
Link (URL) http://koha.tu.koszalin.pl/cgi-bin/koha/opac-detail.pl?biblionumber=46399
Tekst linku Katalog online BPK
942 ## - DODATKOWE ELEMENTY (KOHA)
Typ dokumentu Książka
Egzemplarze
Wycofany Status egzemplarza Uszkodzony Dostępność Lokalizacja stała Lokalizacja bieżąca Miejsce przechowywania Sygnatura Kod kreskowy Dział Typ dokumentu
      Tylko na miejscu Czytelnia Wydziału Elektroniki i Informatyki, Wydziału Architektury i Wzornictwa, Wydziału Inżynierii Mechanicznej i Energetyki oraz Wydziału Inżynierii Lądowej, Środowiska i Geodezji Czytelnia Wydziału Elektroniki i Informatyki, Wydziału Architektury i Wzornictwa, Wydziału Inżynierii Mechanicznej i Energetyki oraz Wydziału Inżynierii Lądowej, Środowiska i Geodezji Czytelnia Wydziałowa ul. Śniadeckich 2 76307 02275932 75 Malarstwo Książka
© 2023 Biblioteka Politechniki Koszalińskiej :: KOHA